| 000 | 00563nam a22002057a 4500 | ||
|---|---|---|---|
| 003 | OSt | ||
| 005 | 20130618100122.0 | ||
| 008 | 130618s2011 sp ||||| |||| 00| 0 spa d | ||
| 020 | _a9788420650654 | ||
| 040 | _cCDMR | ||
| 100 | 1 |
_9115 _aOrtega, Félix |
|
| 245 | 1 | 3 |
_aLa política mediatizada _cFélix Ortega |
| 260 |
_aMadrid _bAlianza _c2011 |
||
| 300 | _a202 p. | ||
| 650 | 0 | 4 |
_93470 _aPremsa i política |
| 650 | 0 | 4 |
_93324 _aComunicació en la política |
| 650 | 0 | 4 |
_9999 _aPeriodisme _xAspectes polítics |
| 650 | 0 | 4 |
_92537 _aOpinió pública |
| 942 |
_2udc _cMON |
||
| 999 |
_c6470 _d6470 |
||